[Event "FIDE World Bl Team Final"]
[Site "London ENG"]
[Date "2025.06.15"]
[Round "3.2"]
[White "Vidit,S"]
[Black "Nakamura,Hi"]
[Result "1/2-1/2"]
[WhiteElo "2720"]
[BlackElo "2804"]

1.d4 d5 2.Nf3 Nf6 3.c4 c5 4.cxd5 cxd4 5.Qxd4 Qxd5 6.Nc3 Qxd4 7.Nxd4 a6 8.g3 e5
9.Nc2 Bd7 10.Bg2 Bc6 11.Bxc6+ Nxc6 12.Bg5 Nb4 13.Ne3 Nd7 14.Ned5 Rc8 15.Rd1 f6
16.Be3 Nc2+ 17.Kd2 Nxe3 18.Kxe3 Kf7 19.Kf3 Ke6 20.h4 Bc5 21.h5 Bd4 22.e3 Bxc3
23.Nxc3 Nb6 24.Ne4 Rc6 25.b4 Na4 26.g4 Nc3 27.Nc5+ Rxc5 28.bxc5 Nxd1 29.Rxd1 Rc8
30.Rd6+ Kf7 31.Rd7+ Kg8 32.Rxb7 Rxc5 33.Ke4 Ra5 34.Rb8+ Kf7 35.Rb7+ Kg8 36.Rb8+ Kf7
37.Rb7+ Kg8 38.Rb8+  1/2-1/2

[Event "FIDE World Bl Team Final"]
[Site "London ENG"]
[Date "2025.06.15"]
[Round "3.1"]
[White "Nakamura,Hi"]
[Black "Giri,A"]
[Result "1-0"]
[WhiteElo "2804"]
[BlackElo "2748"]

1.Nf3 Nf6 2.g3 d5 3.Bg2 e6 4.O-O Be7 5.d3 O-O 6.Nbd2 Nc6 7.d4 a5 8.c3 b6
9.Qc2 Bb7 10.e4 dxe4 11.Nxe4 Nxe4 12.Qxe4 a4 13.Qc2 Na5 14.Re1 Bd5 15.h4 h6
16.Ne5 Bxg2 17.Kxg2 Qd5+ 18.Kg1 Nc4 19.Bf4 Bd6 20.Rad1 b5 21.b3 axb3 22.axb3 Nb6
23.c4 bxc4 24.bxc4 Qb7 25.Qe2 Bxe5 26.Bxe5 Nd7 27.Bf4 Nf6 28.Rb1 Qc6 29.Rb5 Ra7
30.Be5 Nd7 31.d5 exd5 32.cxd5 Qa6 33.Bxg7 Kxg7 34.Qg4+ Qg6 35.Qxd7 Qf6 36.Rb4 Kh8
37.Rf4 Qg6 38.Qe7 Kg8 39.Ree4 Qd6 40.Qxd6 cxd6 41.Rf6 Kg7 42.Rxd6 Ra1+ 43.Kg2 Rd1
44.Rg4+ Kh7 45.Rf4 Kg7 46.h5 Rd2 47.Rf5 Rd4 48.Rf3 Rd2 49.Rf4 Rd3 50.Rd7 Rd2
51.Rg4+ Kh7 52.Kf3 Kh8 53.Ke3 Rd1 54.Kf4 Rd2 55.f3 Rd3 56.Ke4 Rd1 57.Kf5 Rd3
58.Rf4 Rg8 59.g4 Re8 60.Kf6 Kg8 61.Rxf7 Rxd5 62.Kg6 Re6+ 63.R7f6  1-0

[Event "FIDE World Bl Team Final"]
[Site "London ENG"]
[Date "2025.06.15"]
[Round "4.2"]
[White "Nakamura,Hi"]
[Black "Esipenko,Andrey"]
[Result "1-0"]
[WhiteElo "2804"]
[BlackElo "2689"]

1.Nf3 d5 2.g3 Nf6 3.Bg2 e6 4.O-O Be7 5.d3 O-O 6.Nbd2 Nc6 7.d4 b6 8.Re1 Bb7
9.e4 Nxe4 10.Nxe4 dxe4 11.Rxe4 Bf6 12.c3 a5 13.Re1 Ne7 14.Qc2 Bd5 15.h4 h6
16.Bf4 a4 17.c4 Bxf3 18.Bxf3 Nf5 19.Be5 Bxe5 20.dxe5 Nd4 21.Qc3 Nxf3+ 22.Qxf3 Qd4
23.Qe2 a3 24.b3 Rfd8 25.Rac1 Qb2 26.Rc2 Qd4 27.Rcc1 Qb2 28.Rc2 Qd4 29.Rcc1 Qd3
30.Kf1 Qf5 31.Red1 c5 32.Kg2 Rd4 33.Rxd4 cxd4 34.Qf3 Rd8 35.Qxf5 exf5 36.Kf3 Kf8
37.Ke2 Ke7 38.Kd3 Ke6 39.f4 g5 40.hxg5 hxg5 41.Rh1 gxf4 42.gxf4 Rg8 43.Rh6+ Kd7
44.Rxb6 Rg2 45.Kxd4 Rxa2 46.Ra6 Rd2+ 47.Kc5 a2 48.b4 Kc7 49.Kb5 Kb7 50.c5 Rb2
51.c6+ Kc7 52.Kc4 Rc2+ 53.Kb3 Rxc6 54.Rxc6+ Kxc6 55.Kxa2 Kd5 56.Kb3 Ke4 57.b5  1-0

[Event "FIDE World Bl Team Final"]
[Site "London ENG"]
[Date "2025.06.15"]
[Round "4.1"]
[White "Nakamura,Hi"]
[Black "Rapport,R"]
[Result "1-0"]
[WhiteElo "2804"]
[BlackElo "2714"]

1.Nf3 Nf6 2.g3 g6 3.Bg2 Bg7 4.d4 O-O 5.O-O d6 6.b3 b5 7.c4 bxc4 8.Nfd2 c6
9.Nxc4 a5 10.Bb2 Be6 11.Nbd2 Ra6 12.Rc1 Nbd7 13.Qc2 c5 14.Rfd1 Qb8 15.Qd3 cxd4
16.Bxd4 Nc5 17.Qc3 Rc8 18.Qa1 Bg4 19.Re1 Bd7 20.Bf1 Ne8 21.Bxg7 Nxg7 22.e4 Ra7
23.e5 d5 24.Ne3 Be6 25.Nf3 Nf5 26.Nxf5 Bxf5 27.Nd4 Bd7 28.Rc3 Rac7 29.Bg2 e6
30.Rd1 Qb6 31.h4 a4 32.h5 axb3 33.axb3 Ne4 34.Rxc7 Qxc7 35.Bxe4 dxe4 36.Ne2 Rb8
37.h6 Bb5 38.Nf4 Qe7 39.Qc1 Qg5 40.Nd5 Qxe5 41.Ne7+ Kh8 42.Nc8 Bd3 43.Qc6 Qb5
44.Qc7  1-0

[Event "Titled Tue 17th Jun Early"]
[Site "chess.com INT"]
[Date "2025.06.17"]
[Round "1"]
[White "Dobre,ClC"]
[Black "Nakamura,Hi"]
[Result "0-1"]
[WhiteElo "2287"]
[BlackElo "2804"]

1.c4 g6 2.Nf3 Bg7 3.d4 d6 4.Nc3 Nc6 5.e4 Bg4 6.d5 Nd4 7.Qa4+ Bd7 8.Qd1 c5
9.dxc6 Nxf3+ 10.Qxf3 Bxc6 11.Bd2 f5 12.Bd3 Nf6 13.O-O O-O 14.Qe2 Qd7 15.Rab1 Rae8
16.Rfe1 e5 17.Nd5 Nxe4 18.Bxe4 fxe4 19.Qxe4 b5 20.Rbc1 Qf7 21.Be3 bxc4 22.Red1 Bb5
23.Nc3 Bd7 24.Qd5 Be6 25.Qxd6 h6 26.Qc5 Re7 27.Qb4 Rb7 28.Qa3 Rfb8 29.Rd2 Bf5
30.Rcd1 Bd3 31.h3 e4 32.Na4 Rb5 33.Nc5 Bf8  0-1

[Event "Titled Tue 17th Jun Late"]
[Site "chess.com INT"]
[Date "2025.06.17"]
[Round "1"]
[White "Nakamura,Hi"]
[Black "Smirnov,Alexandr"]
[Result "1-0"]
[WhiteElo "2804"]
[BlackElo "2136"]

1.b3 Nf6 2.Bb2 g6 3.d4 Bg7 4.Nf3 O-O 5.e3 d6 6.Be2 c5 7.O-O Nc6 8.c4 cxd4
9.Nxd4 Bd7 10.Bf3 Nxd4 11.exd4 d5 12.Nc3 Bc6 13.c5 Ne4 14.b4 a5 15.a3 axb4
16.axb4 Rxa1 17.Bxa1 Nxc3 18.Bxc3 Bb5 19.Re1 e6 20.Qd2 h5 21.Ra1 Kh7 22.Be2 Qd7
23.Ra5 Bxe2 24.Qxe2 Re8 25.f4 f6 26.Qb5 Qc7 27.Qxe8 Qxf4 28.Qxe6 f5 29.Qe1 h4
30.Ra2 h3 31.gxh3  1-0

[Event "Titled Tue 17th Jun Late"]
[Site "chess.com INT"]
[Date "2025.06.17"]
[Round "2"]
[White "Rogov,Matfey"]
[Black "Nakamura,Hi"]
[Result "0-1"]
[WhiteElo "2348"]
[BlackElo "2804"]

1.e4 g6 2.d4 Bg7 3.Nc3 c6 4.h3 d6 5.Be3 b5 6.a3 Nd7 7.Qd2 Nb6 8.f4 Nf6 9.Nf3 a6
10.g4 h5 11.g5 Ng8 12.Rd1 d5 13.Bd3 e6 14.O-O Ne7 15.Nh4 dxe4 16.Nxe4 Ned5
17.c3 a5 18.Bf2 Nc4 19.Bxc4 bxc4 20.Bg3 O-O 21.Nf3 Rb8 22.Ne5 Qb6 23.Nxc4 Qa7
24.Rf2 a4 25.Ne3 Nxe3 26.Qxe3 Rb5 27.Nc5 Rd8 28.Rfd2 Bf8 29.Ne4 Be7 30.Kh2 Qb6
31.Qe2 Ba6 32.Qf2 Rb8 33.f5 Rxf5 34.Qe3 Rd8 35.Nc5 Bc4 36.h4 Qb5 37.Ne4 Bd5
38.Nf6+ Bxf6 39.gxf6 Kh7 40.Rf2 Rd7 41.Rxf5 exf5 42.Rg1 Qxb2+ 43.Kh3 Qxa3
44.Be1 f4 45.Qxf4 Be6+ 46.Kh2 Qd6 47.Qxd6 Rxd6 48.Bg3 Rd5 49.Ra1 Rf5 50.Rxa4 Rxf6
51.Be5 Rf3 52.Ra8 f6 53.Ra7+ Kg8 54.Bd6 Rh3+ 55.Kg2 Rxh4 56.Ra8+ Kg7 57.Ra7+ Kh6
58.Bf8+ Kg5 59.Ra5+ Bd5+ 60.Kf2 Rh2+  0-1

[Event "Titled Tue 17th Jun Early"]
[Site "chess.com INT"]
[Date "2025.06.17"]
[Round "2"]
[White "Nakamura,Hi"]
[Black "Carlsson,Ludvig"]
[Result "1-0"]
[WhiteElo "2804"]
[BlackElo "2379"]

1.b3 d5 2.Bb2 c5 3.Nf3 Nf6 4.e3 g6 5.g3 Bg7 6.Bg2 O-O 7.O-O Nc6 8.Ne5 Bd7
9.Nxd7 Qxd7 10.d3 Rac8 11.Nd2 Rfd8 12.Qe2 Ne8 13.c3 e6 14.Rfd1 Qe7 15.e4 dxe4
16.Nxe4 Nf6 17.Nd2 Nd5 18.Rac1 b6 19.a3 Rd7 20.Nf3 a5 21.a4 Rdc7 22.Nd2 Qd7
23.Nc4 Rb8 24.Na3 h5 25.Nb5 Rcc8 26.c4 Nde7 27.Bxg7 Kxg7 28.d4 cxd4 29.Nxd4 Nxd4
30.Qe5+ f6 31.Rxd4 fxe5 32.Rxd7 Kf6 33.Rcd1 Nf5 34.R1d3 g5 35.h3 Nd4 36.Bf3 h4
37.Bh5 Rf8 38.f4 gxf4 39.gxf4 Nf5 40.fxe5+ Kxe5 41.Bg4 Rg8 42.Kf2 Rbf8 43.Ke1 Ke4
44.Kd2 e5 45.Rh7 Nd4 46.Re3+ Kf4 47.Rxh4 Rh8 48.Rxh8 Rxh8 49.Kd3 Nxb3 50.Re4+ Kg3
51.Rxe5 Nc5+ 52.Kc2 Nxa4 53.Re6 Rc8 54.Rg6 Rxc4+ 55.Kd3 Rb4 56.Bc8+ Kh4 57.Rh6+ Kg5
58.Rh8 Nc5+ 59.Kc3 Rh4 60.Rg8+ Kf4 61.Rf8+ Kg3 62.Rg8+ Kf4 63.Rf8+ Ke5 64.Rg8 Kd6
65.Rg6+ Kc7 66.Bg4 b5 67.Kd4 Nb7 68.Kd5 Rh7 69.Rc6+ Kb8 70.Rb6 b4 71.Kc4 Rc7+
72.Kb3 Ka7 73.Rg6 Nc5+ 74.Kb2 a4 75.Bf5 a3+ 76.Ka2 Rf7 77.Rg5 Kb6 78.h4 Ra7
79.h5 b3+ 80.Ka1 a2 81.Rg1 Na4 82.h6 b2+ 83.Kxa2 Kc5 84.h7 Ra8 85.Rg8 Nc3+
86.Kxb2  1-0

[Event "Titled Tue 17th Jun Early"]
[Site "chess.com INT"]
[Date "2025.06.17"]
[Round "3"]
[White "Nitish,Belurkar"]
[Black "Nakamura,Hi"]
[Result "1/2-1/2"]
[WhiteElo "2454"]
[BlackElo "2804"]

1.e4 g6 2.d4 Bg7 3.Nc3 a6 4.a4 b6 5.Bc4 e6 6.Nf3 d6 7.O-O h6 8.Re1 Ne7 9.Be3 g5
10.h3 Bb7 11.Bd3 Nbc6 12.Qd2 Ng6 13.Ne2 Rg8 14.Ng3 Nh4 15.Nxh4 gxh4 16.Nh5 Bxd4
17.Bxd4 Nxd4 18.Qxh6 Rg6 19.Qh8+ Kd7 20.Qxd4 Qg5 21.Ng3 hxg3 22.f4 Qh4 23.e5 Rh6
24.Be4 d5 25.Bf3 c5 26.Qd2 Kc7 27.c4 Rd8 28.a5 b5 29.cxb5 axb5 30.a6 Bc6
31.b4 c4 32.Qd4 Ra8 33.a7 Kb7 34.Qc5 Qd8 35.Ra6 Qc7 36.Rea1 Rhh8 37.R1a5 Rhc8
38.Rxc6 Qxc6 39.Rxb5+ Ka6 40.Ra5+ Kb7 41.Rb5+ Ka6 42.Ra5+ Kb7 43.Rb5+  1/2-1/2

[Event "Titled Tue 17th Jun Late"]
[Site "chess.com INT"]
[Date "2025.06.17"]
[Round "3"]
[White "Nakamura,Hi"]
[Black "Matinian,N"]
[Result "1-0"]
[WhiteElo "2804"]
[BlackElo "2421"]

1.c4 e5 2.a3 g6 3.b4 Bg7 4.Bb2 d6 5.g3 Be6 6.d3 Nd7 7.Bg2 c6 8.Nf3 h6 9.Nbd2 Ne7
10.d4 O-O 11.Qc2 Nf5 12.dxe5 dxe5 13.e3 a5 14.O-O Qe7 15.c5 axb4 16.axb4 b6
17.cxb6 Qxb4 18.Rfb1 Qxb6 19.Ba3 Qa7 20.Bxf8 Qxa1 21.Bxg7 Qa5 22.Bxh6 Nxh6
23.Qxc6 Bf5 24.Nxe5 Qxd2 25.Qxa8+  1-0

[Event "Titled Tue 17th Jun Early"]
[Site "chess.com INT"]
[Date "2025.06.17"]
[Round "4"]
[White "Nakamura,Hi"]
[Black "Grzesik,Gracjan"]
[Result "1-0"]
[WhiteElo "2804"]
[BlackElo "2175"]

1.b3 e5 2.Bb2 Nc6 3.c4 Nf6 4.a3 d5 5.cxd5 Nxd5 6.e3 a6 7.Qc2 Be6 8.Nf3 Bd6
9.Nc3 Nxc3 10.dxc3 O-O 11.c4 f6 12.Bd3 h6 13.Nh4 f5 14.Nxf5 Bxf5 15.Bxf5 Qf6
16.Bh7+ Kh8 17.Be4 Rad8 18.O-O Qg5 19.c5 Be7 20.b4  1-0

[Event "Titled Tue 17th Jun Late"]
[Site "chess.com INT"]
[Date "2025.06.17"]
[Round "4"]
[White "Rasulov,Vu"]
[Black "Nakamura,Hi"]
[Result "1/2-1/2"]
[WhiteElo "2483"]
[BlackElo "2804"]

1.d4 e6 2.e4 d5 3.Nd2 a6 4.Ngf3 Nf6 5.Bd3 c5 6.exd5 Nxd5 7.Nb3 cxd4 8.O-O Be7
9.Nbxd4 O-O 10.c3 Qc7 11.Re1 Nd7 12.c4 N5f6 13.b3 b6 14.Bb2 Bb7 15.Qe2 Bb4
16.Red1 Rad8 17.Bc2 Rfe8 18.h3 Bc5 19.Ng5 h6 20.Ne4 Nxe4 21.Bxe4 Bxe4 22.Qxe4 Nf6
23.Qf3 Rd6 24.Nc2 e5 25.Rxd6 Qxd6 26.Rd1 Qe6 27.Ne3 g6 28.Nd5 Nxd5 29.Rxd5 f6
30.g4 a5 31.Kg2 Kg7 32.Qd3 Re7 33.Rd8 e4 34.Qd5 e3 35.Qxe6 Rxe6 36.Rd7+ Kf8
37.fxe3 Rxe3 38.Bxf6 Re2+ 39.Kg3 Rxa2 40.Bd4 Bxd4 41.Rxd4 Ra3 42.Rd3 Ke7
43.Kf4 Ke6 44.Ke4 a4 45.bxa4 Rxa4 46.Rd4 g5 47.Kf3 Ra3+ 48.Kg2 Rc3 49.Rd8 Rxc4
50.Rh8 Ke5 51.Rxh6 b5 52.Rg6 Kf4 53.Rf6+ Ke4 54.Rf5 Rc2+ 55.Kg3 Rc3+ 56.Kg2 b4
57.Rxg5 b3 58.Rb5 Kf4 59.Rb4+ Kg5 60.Rb5+ Kf4 61.Rb4+ Kg5 62.Rb8 Kf4 63.Rb4+  1/2-1/2

[Event "Titled Tue 17th Jun Late"]
[Site "chess.com INT"]
[Date "2025.06.17"]
[Round "5"]
[White "Schnaider,Ilan"]
[Black "Nakamura,Hi"]
[Result "0-1"]
[WhiteElo "2388"]
[BlackElo "2804"]

1.e4 g6 2.d4 Bg7 3.Nc3 a6 4.f4 c6 5.Nf3 d5 6.e5 Bg4 7.Be2 e6 8.Be3 Ne7 9.Bf2 h5
10.Qd2 Nf5 11.O-O-O Nd7 12.Ng1 Rc8 13.Na4 Bf8 14.h3 Bxe2 15.Nxe2 h4 16.g4 hxg3
17.Nxg3 Nxg3 18.Bxg3 c5 19.dxc5 Bxc5 20.Kb1 Be7 21.Qe3 Qa5 22.Nc3 Nb6 23.Ne2 Nc4
24.Qd3 Qb4 25.Qc3 Qxc3 26.Nxc3 Ne3 27.Rd3 Nf5 28.Bf2 Bc5 29.Bxc5 Rxc5 30.Ne2 Rc4
31.c3 Re4 32.Rh2 Rh5 33.Kc1 g5 34.fxg5 Rxg5 35.Kd2 Rxe5 36.Nf4 Re4 37.Rf3 Nh4
38.Rf1 Ng6 39.Nd3 b6 40.Rhf2 f5 41.Ne1 Ne5 42.Kc2 Nc4 43.Kb3 Ne5 44.Nc2 Nd3
45.Nd4 Nxf2 46.Rxf2 Rg3 47.h4 Rxd4  0-1

[Event "Titled Tue 17th Jun Early"]
[Site "chess.com INT"]
[Date "2025.06.17"]
[Round "5"]
[White "Papasimakopoulos,Alexandros"]
[Black "Nakamura,Hi"]
[Result "0-1"]
[WhiteElo "2366"]
[BlackElo "2804"]

1.d4 e6 2.c4 b6 3.e4 Bb7 4.Bd3 Nc6 5.Nf3 Nb4 6.O-O Ne7 7.d5 Nxd3 8.Qxd3 Ng6
9.Nc3 Be7 10.e5 O-O 11.Re1 d6 12.exd6 Bxd6 13.Bg5 f6 14.Be3 e5 15.Ne4 f5
16.Nxd6 cxd6 17.Ng5 f4 18.Ne6 fxe3 19.fxe3 Qe7 20.Nxf8 Nxf8 21.a4 a5 22.Rf1 Nd7
23.b3 Nc5 24.Qc2 Bc8 25.h3 Bd7 26.Rf3 Be8 27.Raf1 Bh5 28.Rg3 Bg6 29.Qd1 Rf8
30.Rxf8+ Qxf8 31.Rf3 Qe7 32.Rf1 h5 33.Kh2 Qg5 34.Qf3 Kh7 35.Qf8 Be4 36.Rg1 h4
37.Qf2 Nd3 38.Qa2 Qg3+  0-1

[Event "Titled Tue 17th Jun Late"]
[Site "chess.com INT"]
[Date "2025.06.17"]
[Round "6"]
[White "Nakamura,Hi"]
[Black "Galchenko,Matvey"]
[Result "1-0"]
[WhiteElo "2804"]
[BlackElo "2435"]

1.c4 c5 2.g3 g6 3.Bg2 Bg7 4.Nc3 Nc6 5.a3 e6 6.Rb1 Nge7 7.b4 d6 8.Nf3 O-O
9.O-O b6 10.Bb2 Bb7 11.Ba1 Qd7 12.d3 Rac8 13.Ne4 e5 14.Nfd2 f5 15.Nc3 f4
16.e3 Rcd8 17.Qe2 Qf5 18.bxc5 dxc5 19.Nd5 Nxd5 20.cxd5 Ne7 21.e4 Qd7 22.Nc4 Rde8
23.Bxe5 Nxd5 24.exd5 Bxd5 25.Bxd5+ Qxd5 26.Rfe1 Rf5 27.gxf4 Rxf4 28.Bxf4 Rxe2
29.Rxe2 Bf6 30.Re3 h5 31.Rbe1 Qf5 32.Be5 Bg5 33.f4 Bh4 34.Rf1 Qg4+ 35.Kh1 Kh7
36.Nd2 Be7 37.Ne4 Qd7 38.h3 Qd5 39.Kh2 c4 40.dxc4 Qxc4 41.Rfe1 Kg8 42.R1e2 Qc1
43.Bb2 Qc6 44.Ng5 Bxg5 45.fxg5 Qc7+ 46.Be5 Qd8 47.h4 Qd5 48.Bg3 Qc4 49.Re8+ Kf7
50.R2e7+  1-0

[Event "Titled Tue 17th Jun Early"]
[Site "chess.com INT"]
[Date "2025.06.17"]
[Round "6"]
[White "Nakamura,Hi"]
[Black "Zhigalko,S"]
[Result "1-0"]
[WhiteElo "2804"]
[BlackElo "2572"]

1.d4 Nf6 2.Bg5 d5 3.e3 c5 4.Bxf6 gxf6 5.dxc5 e6 6.g3 Qa5+ 7.c3 Qxc5 8.Nd2 Nc6
9.Ne2 e5 10.Nb3 Qd6 11.Bg2 Be6 12.Qc2 O-O-O 13.O-O-O Qc7 14.e4 d4 15.Kb1 Bxb3
16.Qxb3 Bc5 17.f4 d3 18.Nc1 d2 19.Ne2 Rd3 20.Qc4 Qd6 21.Qxf7 Re3 22.Qc4 Na5
23.Qb5 a6 24.Qxa5 Rxe2 25.Bf3 Rf2 26.Bg4+ Kb8 27.fxe5 fxe5 28.Qa4 h5 29.Bf5 h4
30.g4 Be3 31.Qc4 Rd8 32.h3 Bg5 33.Rhf1 Rxf1 34.Qxf1 Qd3+ 35.Qxd3 Rxd3 36.Kc2 Rxh3
37.Be6 Rg3 38.Rh1 Re3 39.Kd1 Rf3 40.Ke2 Rg3 41.Bb3 Re3+ 42.Kf2 Rxe4 43.Bd1 Rf4+
44.Kg2 Re4 45.Kf2 Bf4 46.g5 Re1 47.Kg2 Bg3 48.g6  1-0

[Event "Titled Tue 17th Jun Early"]
[Site "chess.com INT"]
[Date "2025.06.17"]
[Round "7"]
[White "Deac,Bogdan-Daniel"]
[Black "Nakamura,Hi"]
[Result "1-0"]
[WhiteElo "2674"]
[BlackElo "2804"]

1.d4 e6 2.Nf3 b6 3.e4 Bb7 4.Bd3 d5 5.exd5 Qxd5 6.O-O Nf6 7.c4 Qd8 8.Nc3 Be7
9.Qe2 O-O 10.Rd1 Nbd7 11.Ne5 h6 12.Bf4 a6 13.Bc2 Re8 14.Rd3 h5 15.Rad1 Nf8
16.Rg3 h4 17.Rh3 N6d7 18.Qh5 Nxe5 19.dxe5 Qc8 20.Bg5 f6 21.exf6 gxf6 22.Bxh4  1-0

[Event "Titled Tue 17th Jun Late"]
[Site "chess.com INT"]
[Date "2025.06.17"]
[Round "7"]
[White "Oro,Faustino"]
[Black "Nakamura,Hi"]
[Result "0-1"]
[WhiteElo "2465"]
[BlackElo "2804"]

1.e4 e5 2.Nf3 Nc6 3.Bb5 Nge7 4.O-O a6 5.Ba4 d6 6.c3 Bd7 7.d4 g6 8.h3 Bg7
9.Re1 O-O 10.Bb3 b5 11.dxe5 dxe5 12.Be3 Na5 13.Nbd2 Nb7 14.Bc2 c5 15.Nf1 Qc7
16.Qc1 c4 17.Ng3 Nc5 18.Rd1 Rfd8 19.b4 Ne6 20.Ne2 f6 21.a4 Bc6 22.a5 Rxd1+
23.Qxd1 Rd8 24.Qc1 Qb7 25.Nd2 f5 26.f3 Nf4 27.Bxf4 exf4 28.exf5 Qa7+ 29.Kh1 Qe3
30.Ne4 Qxe2 31.f6 Nd5 32.fxg7 Ne3 33.Qg1 Qxc2 34.Rc1 Qxc1 35.Qxc1 Rd1+ 36.Qxd1 Nxd1
37.Nc5 Nxc3 38.Nxa6 Na4 39.Nb8 c3  0-1

[Event "Titled Tue 17th Jun Late"]
[Site "chess.com INT"]
[Date "2025.06.17"]
[Round "8"]
[White "Nakamura,Hi"]
[Black "Xiong,Jeffery"]
[Result "1/2-1/2"]
[WhiteElo "2804"]
[BlackElo "2639"]

1.c4 e6 2.Nf3 d5 3.e3 Nf6 4.b3 b6 5.Bb2 Bb7 6.cxd5 exd5 7.Bb5+ c6 8.Be2 Bd6
9.d4 O-O 10.Nc3 Re8 11.O-O a5 12.a3 Ba6 13.Qc2 Nbd7 14.Bxa6 Rxa6 15.Ne2 b5
16.a4 b4 17.Nc1 Ne4 18.Nd3 Qb8 19.Rac1 Rc8 20.Qe2 Rb6 21.Rfd1 h6 22.Rc2 Rb7
23.Rdc1 Rbc7 24.Nfe5 Bxe5 25.dxe5 c5 26.Nf4 Qb7 27.e6 Nf8 28.f3 Ng5 29.exf7+ Nxf7
30.Qb5 Qxb5 31.axb5 c4 32.Nxd5 c3 33.Nxc7 Rxc7 34.Bxc3 bxc3 35.Rxc3 Rb7 36.Rc5 Ne6
37.Rd5 Kf8 38.Ra1 Nc7 39.Rd7 Ne5 40.Rd8+ Ke7 41.Rg8 Kf7 42.Rc8 Nxb5 43.Rxa5 Nd6
44.Rca8 Nc6 45.R5a6 Rc7 46.h4 Nf5 47.Kf2 Nxh4 48.Ra4 Ng6 49.Rc4 Nge5 50.Rc3 Rd7
51.Ke2 Ne7 52.Ra5 N5g6 53.f4 Rb7 54.Kf3 Nf8 55.Rac5 Ne6 56.Re5 g6 57.g4 Rb4
58.Ra5 Rb7 59.Rd3 Rb4 60.Ra7 Kf6 61.Rd6 Nc8 62.g5+ hxg5 63.fxg5+ Ke5 64.Rxe6+ Kxe6
65.Rg7 Ne7 66.e4 Rxb3+ 67.Kf4 Rb4 68.Rh7 Nd5+ 69.Kf3 Rb3+ 70.Kg4 Ne7 71.Kf4 Rb4
72.Rg7 Ra4 73.Rh7 Ra8 74.Ke3 Rf8 75.Rg7 Rg8 76.Rh7 Re8 77.Rg7 Ke5 78.Kf3 Kd6
79.Kf4 Rf8+ 80.Ke3 Rh8 81.Rf7 Rh5 82.Kf4 Rh4+ 83.Kf3 Ke6 84.Rf6+ Ke5 85.Ra6 Rh3+
86.Kg4 Re3 87.Ra5+ Ke6 88.Kf4 Re1 89.Ra6+ Kf7 90.Rf6+ Kg7 91.Re6 Kf7 92.Rf6+ Ke8
93.Ra6 Rd1 94.Ke5 Kd7 95.Ra7+ Kd8 96.Ke6 Nc8 97.Rg7 Rd6+ 98.Kf7 Ne7 99.e5 Ra6
100.e6 Ra7 101.Kf8 Rb7 102.Rf7 Ra7 103.Kg7 Rb7 104.Kf6 Ke8 105.Kg7 Kd8 106.Rf8+ Kc7
107.Kf6 Kd6 108.Rd8+ Kc6 109.Rd1 Kc5 110.Rd7 Nd5+ 111.Kxg6 Rb6 112.Kf5 Rb1
113.e7 Re1 114.g6 Nxe7+ 115.Kf6 Nxg6 116.Kxg6 Re6+ 117.Kf7 Rd6 118.Rxd6 Kxd6  1/2-1/2

[Event "Titled Tue 17th Jun Early"]
[Site "chess.com INT"]
[Date "2025.06.17"]
[Round "8"]
[White "Nakamura,Hi"]
[Black "Moroni,L"]
[Result "1-0"]
[WhiteElo "2804"]
[BlackElo "2549"]

1.c4 b6 2.e4 Bb7 3.Nc3 Nf6 4.d3 e5 5.g3 Bc5 6.Bg2 Nc6 7.a3 a5 8.Nf3 O-O 9.O-O d6
10.h3 h6 11.Nh4 Ne7 12.Rb1 g5 13.Nf3 Nc6 14.h4 Nh7 15.Bh3 Nd4 16.hxg5 hxg5
17.Nxd4 Bxd4 18.Bf5 Bc8 19.Qg4 Bxf5 20.Qxf5 Bxc3 21.bxc3 Qc8 22.Kg2 Qxf5
23.exf5 f6 24.d4 Rfe8 25.Be3 Nf8 26.c5 bxc5 27.dxc5 d5 28.Rb7 Rec8 29.Rd1 c6
30.Rdb1 a4 31.R1b6 Ra5 32.Kf3 Rb5 33.Rxb5 cxb5 34.Kg4 Rd8 35.Rxb5 d4 36.cxd4 exd4
37.Bd2 Nd7 38.Kf3 Ne5+ 39.Ke4 d3 40.Rb4 Rc8 41.Be3 Rd8 42.Rd4 Re8 43.Rd5 Kf7
44.Bd2 Rc8 45.Bb4 g4 46.Bc3 Re8 47.Bxe5 fxe5 48.Kxd3 Kf6 49.Ke4 Rb8 50.Rd6+ Ke7
51.f6+ Kf7 52.Kxe5 Rb2 53.Rd7+ Ke8 54.f7+  1-0

[Event "Titled Tue 17th Jun Late"]
[Site "chess.com INT"]
[Date "2025.06.17"]
[Round "9"]
[White "Niemann,Hans Moke"]
[Black "Nakamura,Hi"]
[Result "1-0"]
[WhiteElo "2736"]
[BlackElo "2804"]

1.e4 e5 2.Nf3 Nc6 3.Bc4 Nf6 4.d3 Be7 5.Nc3 d6 6.a3 Bg4 7.h3 Bxf3 8.Qxf3 Nd4
9.Qd1 c6 10.Ba2 Ne6 11.O-O O-O 12.Re1 Qc7 13.Be3 Rad8 14.Qf3 a5 15.Ne2 d5
16.Ng3 g6 17.Bh6 Rfe8 18.c3 a4 19.Rad1 d4 20.Bxe6 fxe6 21.cxd4 Rxd4 22.Ne2 Rd7
23.d4 Red8 24.Bg5 Kg7 25.Be3 c5 26.d5 exd5 27.exd5 Rxd5 28.Nc3 Rxd1 29.Rxd1 Rxd1+
30.Qxd1 Qc6 31.Qxa4 Qxa4 32.Nxa4 c4 33.Nb6 c3 34.bxc3 Bxa3 35.Nc4 Be7 36.Nxe5 Nd5
37.c4 Nb4 38.Kf1 Bf6 39.Nd7 Nc6 40.Ke2 Kf7 41.Kd3 Be7 42.Nb6 Ke6 43.f4 h5
44.g4 hxg4 45.hxg4 Na5 46.Nd5 Bd6 47.Nc3 Bb4 48.Ne4 Be7 49.Nd2 Nc6 50.Nf3 Na5
51.Bd4 Bd6 52.f5+ gxf5 53.Ng5+ Kd7 54.gxf5 Kc6 55.f6 b5 56.c5 Bf8 57.Ne6 Bh6
58.f7 Kd7 59.Ng7 Ke7 60.Nf5+ Kxf7 61.Nxh6+ Ke6 62.Ke4 Nb3 63.Ng4 Nd2+ 64.Kd3 Nb3
65.Kc3 Na5 66.Ne3 Kd7 67.Nc2 Nc6 68.Nb4 Na5 69.Kd3 Ke6 70.Bf2 Nc4 71.Kd4 Nd2
72.c6 Nb3+ 73.Kc3 Na5 74.Bg3 Nc4 75.Kd4 Na5 76.Kc5 Nxc6 77.Kxc6 Kf5 78.Bd6 Ke4
79.Bc5 Ke5 80.Kxb5 Ke4 81.Kc4 Ke5 82.Nd5 Ke4 83.Bd4 Kf5 84.Kd3 Ke6 85.Ke4 Kd6
86.Nf4 Kc6 87.Ke5 Kd7 88.Kd5 Ke7 89.Be5 Kd7 90.Ng6 Kd8 91.Kd6 Kc8 92.Ne7+ Kb7
93.Kc5 Ka6 94.Nd5 Ka5 95.Nb6 Ka6 96.Kc6 Ka5 97.Bc3+ Ka6 98.Nd5 Ka7 99.Nc7 Kb8
100.Bd4 Kc8 101.Ba7 Kd8 102.Nd5 Ke8 103.Kd6 Kf7 104.Ne7 Kg7 105.Be3 Kf6 106.Bf4 Kf7
107.Bg5 Kf8 108.Ke6 Ke8 109.Nf5 Kf8 110.Be7+  1-0

[Event "Titled Tue 17th Jun Early"]
[Site "chess.com INT"]
[Date "2025.06.17"]
[Round "9"]
[White "Puranik,A"]
[Black "Nakamura,Hi"]
[Result "1-0"]
[WhiteElo "2622"]
[BlackElo "2804"]

1.e4 a6 2.d4 e6 3.Bd3 d5 4.Nc3 Nf6 5.Nf3 h6 6.O-O dxe4 7.Nxe4 Nbd7 8.c3 b6
9.Qe2 Bb7 10.Re1 Bd6 11.Nxd6+ cxd6 12.Bf4 Qc7 13.Nd2 O-O 14.Nc4 Ne8 15.Qe3 b5
16.Nxd6 Nxd6 17.Qg3 Qc6 18.Bxd6 Rfe8 19.Bf4 Kf8 20.Be4 Qc8 21.Bh7 e5 22.dxe5 g5
23.Bd2 Qc7 24.f4 Rad8 25.fxg5 Nxe5 26.Bf4 Qc5+ 27.Be3 Qc6 28.gxh6 Ng6 29.Bd4 Re6
30.Bg7+ Ke7 31.Rxe6+ fxe6 32.Bxg6 Rd2 33.Qg5+  1-0

[Event "Titled Tue 17th Jun Early"]
[Site "chess.com INT"]
[Date "2025.06.17"]
[Round "10"]
[White "Nakamura,Hi"]
[Black "Dubnevych,Maksym"]
[Result "1-0"]
[WhiteElo "2804"]
[BlackElo "2296"]

1.c4 e6 2.g3 d5 3.Bg2 Nf6 4.b3 Be7 5.Bb2 O-O 6.Nf3 c5 7.O-O b6 8.e3 Bb7 9.Qe2 Nc6
10.Rd1 dxc4 11.bxc4 Qc7 12.d3 Rfd8 13.Nc3 Rac8 14.Ne1 Na5 15.f4 a6 16.Rab1 Bxg2
17.Nxg2 Nc6 18.g4 g6 19.g5 Ne8 20.Ba1 Bf8 21.Ne4 Bg7 22.Bxg7 Kxg7 23.Qb2+ Kg8
24.Qxb6 Qxb6 25.Rxb6 Nb4 26.Ne1 a5 27.a3 Nc6 28.Nxc5 Nd6 29.Nb7 Nxc4 30.Rxc6 Rxc6
31.Nxd8 Rd6 32.Nb7 Rd7 33.Nc5 Rd5 34.Ne4 Nxe3 35.Nf6+ Kg7 36.Nxd5 Nxd1 37.Nc7 Nc3
38.Kf2 a4 39.Nc2 h6 40.h4 hxg5 41.hxg5  1-0

[Event "Titled Tue 17th Jun Late"]
[Site "chess.com INT"]
[Date "2025.06.17"]
[Round "10"]
[White "Nakamura,Hi"]
[Black "Sheehan,Ethan"]
[Result "1-0"]
[WhiteElo "2804"]
[BlackElo "2364"]

1.b3 e5 2.Bb2 Nc6 3.e3 d5 4.Bb5 Bd6 5.d4 e4 6.c4 a6 7.Bxc6+ bxc6 8.Ba3 Nf6
9.Ne2 O-O 10.h3 Be6 11.Qc2 Qd7 12.Bxd6 cxd6 13.c5 dxc5 14.Qxc5 Rfb8 15.Nbc3 a5
16.Rc1 Ra6 17.Na4 Qb7 18.Qc3 Qb4 19.Nc5 Ra7 20.O-O Bc8 21.Rfd1 Nd7 22.Nxd7 Bxd7
23.Qxb4 axb4 24.Rd2 Rba8 25.Rcc2 Kf8 26.h4 Ke7 27.f3 Kd6 28.fxe4 dxe4 29.Ng3 f5
30.Nh5 Be6 31.Nf4 Bd5 32.Kf2 Ra6 33.g4 fxg4 34.Kg3 Rf8 35.Kxg4 Rf7 36.Rf2 Raa7
37.Rc5 Ra8 38.Rfc2 Ra6 39.h5 Rfa7 40.Nxd5 cxd5 41.Rb5 Rxa2 42.Rcc5 Rg2+ 43.Kh3 Re2
44.Rxd5+ Kc6 45.Rdc5+ Kd6 46.Rb6+ Kd7 47.Rxb4 Rxe3+ 48.Kg4 Re1 49.Kf4 Ra6
50.Rb7+ Kd8 51.Rxg7 e3 52.Rb5 Kc8 53.Re5 Rf6+ 54.Kg5 Rf8 55.Kh6 e2 56.b4 Rf6+
57.Kxh7 Rf8 58.h6 Rd8 59.d5 Rd6 60.Re8+ Rd8 61.Rge7 Rxe8 62.Rxe8+ Kd7 63.Re6 Rb1
64.Rxe2 Rxb4 65.Kg6 Rg4+ 66.Kh5 Rg1 67.Rh2 Rg8 68.h7 Rh8 69.Kg6 Kd6 70.Kg7  1-0

[Event "Titled Tue 17th Jun Early"]
[Site "chess.com INT"]
[Date "2025.06.17"]
[Round "11"]
[White "Stribuk,Artiom"]
[Black "Nakamura,Hi"]
[Result "0-1"]
[WhiteElo "2460"]
[BlackElo "2804"]

1.c4 e5 2.g3 Nf6 3.Bg2 c6 4.Nf3 e4 5.Nd4 Qb6 6.Nb3 a5 7.d3 a4 8.N3d2 exd3
9.O-O Bb4 10.exd3 O-O 11.Nf3 d5 12.a3 Bd6 13.Nc3 Qa5 14.Bd2 Qa6 15.cxd5 Nxd5
16.Nxd5 cxd5 17.Bc3 Bf5 18.Nd4 Bxd3 19.Re1 Nc6 20.Bxd5 Ne5 21.Nf3 Ng4 22.Nh4 h5
23.h3 Bxg3 24.hxg4 Bxh4 25.gxh5 Rad8 26.Qg4 Bf6 27.Bxb7 Qb6 28.Be4 Bxe4 29.Rxe4 Rd5
30.Kh1 Rg5 31.Qh3 Bxc3 32.bxc3 Qxf2 33.Rg4 Qf5 34.Rag1 Rxh5 35.Rxg7+ Kh8  0-1

[Event "Titled Tue 17th Jun Late"]
[Site "chess.com INT"]
[Date "2025.06.17"]
[Round "11"]
[White "Drygalov,Sergey"]
[Black "Nakamura,Hi"]
[Result "1-0"]
[WhiteElo "2560"]
[BlackElo "2804"]

1.d4 e6 2.c4 b6 3.Nf3 Bb7 4.g3 Bxf3 5.exf3 c6 6.Be3 d5 7.Nc3 a6 8.Qc2 g6
9.h4 Bg7 10.O-O-O b5 11.c5 h5 12.Bd3 Ne7 13.Kb1 Nd7 14.Ne2 Qc7 15.Bg5 Bh6
16.f4 Bg7 17.Bxe7 Kxe7 18.Rhe1 b4 19.Qd2 a5 20.Qe3 a4 21.Ng1 b3 22.a3 Nf6
23.Nf3 Ng4 24.Qe2 Rae8 25.Qd2 Kf8 26.Ne5 Nh6 27.Qb4 Ra8 28.Nxg6+ fxg6 29.Rxe6 Kf7
30.Rxg6 Rhe8 31.Rg5 Kg8 32.Rxh5 Qa5 33.Qxa5 Rxa5 34.Rg5 Kf8 35.Rg6 Nf7 36.Bf5 Bxd4
37.Bg4 Bxc5 38.h5 Bxf2 39.h6 Re1 40.Rxe1 Bxe1 41.h7 Ke7 42.Rg7 Ra8 43.Bh5 Kd6
44.Bxf7 Rh8 45.Bg8 Bf2 46.g4 Bd4 47.Rg6+ Kd7 48.f5 Be5 49.g5 Bf4 50.f6 Be5
51.f7 Ke7 52.Re6+ Kxe6 53.f8=Q+ Kd7 54.Qf7+ Kd8 55.Qe6 Bd4 56.Qxc6 Ke7 57.Qxd5  1-0